Normal view
MARC view
Entry Topical Term
001 - CONTROL NUMBER
- control field: 817954
003 - CONTROL NUMBER IDENTIFIER
- control field:
005 - DATE AND TIME OF LATEST TRANSACTION
- control field: 20210627063103.0
008 - FIXED-LENGTH DATA ELEMENTS
- fixed length control field: 210627|| aca||aabn | a|a d
040 ## - CATALOGING SOURCE
- Original cataloging agency:
- Transcribing agency:
150 ## - HEADING--TOPICAL TERM
- Topical term or geographic name entry element: Agriculture
- General subdivision: Economic aspects
- General subdivision: Research
- Chronological subdivision: Kazakhstan
670 ## - SOURCE DATA FOUND
- Source citation: Work cat.: ()688918: Childress, Malcolm D. 817953, Agrarian Research Institutes and Civil Society in Kazakhstan and Kyrgyzstan, 2004.
